书目信息 |
| 题名: |
国际食品法典和中国农产品分类实用手册
|
|
| 作者: | 季颖 , 张宏军 , 刘丰茂 主编 | |
| 分册: | ||
| 出版信息: | 北京 中国大百科全书出版社 2015 |
|
| 页数: | 170页 | |
| 开本: | 29cm | |
| 丛书名: | 蔬菜及特色作物系列丛书 | |
| 单 册: | ||
| 中图分类: | TS207.2 , D912.109 | |
| 科图分类: | ||
| 主题词: | 食品标准--shi pin biao zhun--世界--汇编 , 食品卫生法--shi pin wei sheng fa--世界--汇编 , 农产品--nong chan pin--食品标准--世界--汇编 , 农产品--nong chan pin--食品卫生法--世界--汇编 | |
| 电子资源: | ||
| ISBN: | 978-7-5000-9549-1 | |
| 000 | 01808nam0 22003371 450 | |
| 001 | 0124140203 | |
| 005 | 20170324140203.0 | |
| 010 | @a978-7-5000-9549-1@dCNY68.00 | |
| 100 | @a20151101d2015 em y0chiy50 ea | |
| 101 | 0 | @achi@aeng |
| 102 | @aCN@b110000 | |
| 105 | @aa z 001yy | |
| 106 | @ar | |
| 200 | 1 | @a国际食品法典和中国农产品分类实用手册@9guo ji shi pin fa dian he zhong guo nong chan pin fen lei shi yong shou ce@e水果、香草和香料@dManual of crop classifications between codex and China@efruits, herbs and spices@f季颖,张宏军,刘丰茂主编@zeng |
| 210 | @a北京@c中国大百科全书出版社@d2015 | |
| 215 | @a170页@c彩图@d29cm | |
| 225 | 2 | @a蔬菜及特色作物系列丛书@9shu cai ji te se zuo wu xi lie cong shu |
| 330 | @a本书主要以国际食品法典委员会(CAC)相关文件为基础,对其中农药残留委员会(CCPR)近几年已经修订完成的植物源初级农产品中的水果类、香草和香料类农产品进行整理补充。其主要包括:修订后的CAC农产品组的具体品种名称、编码、英文名称和拉丁学名;该组中中国主要农产品信息以及涉及农药残留限量标准制定方面的详细信息,包括该品种在CAC分类体系中的位置以及农产品的中文名称、在中国的种植区域、种植方式、农药残留样品田间处理方法、可食可饲部位等。 | |
| 461 | 0 | @12001 @a蔬菜及特色作物系列丛书 |
| 510 | 1 | @aManual of crop classifications between codex and China@efruits, herbs and spices@zeng |
| 606 | 0 | @a食品标准@9shi pin biao zhun@y世界@j汇编 |
| 606 | 0 | @a食品卫生法@9shi pin wei sheng fa@y世界@j汇编 |
| 606 | 0 | @a农产品@9nong chan pin@x食品标准@y世界@j汇编 |
| 606 | 0 | @a农产品@9nong chan pin@x食品卫生法@y世界@j汇编 |
| 690 | @aTS207.2@v5 | |
| 690 | @aD912.109@v5 | |
| 701 | 0 | @a季颖@9ji ying@f(1961~)@4主编 |
| 701 | 0 | @a张宏军@9zhang hong jun@f(1975~)@4主编 |
| 701 | 0 | @a刘丰茂@9liu feng mao@f(1971~)@4主编 |
| 801 | 0 | @aCN@bTANGWEI@c20170308 |
| 905 | @b0962072-4@dTS207.2@e239@f3 | |
| 国际食品法典和中国农产品分类实用手册:水果、香草和香料=Manual of crop classifications between codex and China:fruits, herbs and spices/季颖,张宏军,刘丰茂主编.-北京:中国大百科全书出版社,2015 |
| 170页:彩图;29cm.-(蔬菜及特色作物系列丛书) |
| ISBN 978-7-5000-9549-1:CNY68.00 |
| 本书主要以国际食品法典委员会(CAC)相关文件为基础,对其中农药残留委员会(CCPR)近几年已经修订完成的植物源初级农产品中的水果类、香草和香料类农产品进行整理补充。其主要包括:修订后的CAC农产品组的具体品种名称、编码、英文名称和拉丁学名;该组中中国主要农产品信息以及涉及农药残留限量标准制定方面的详细信息,包括该品种在CAC分类体系中的位置以及农产品的中文名称、在中国的种植区域、种植方式、农药残留样品田间处理方法、可食可饲部位等。 |
| ● |
| 相关链接 |
|
|
|
|
正题名:国际食品法典和中国农产品分类实用手册
索取号:TS207.2/239
 
预约/预借
| 序号 | 登录号 | 条形码 | 馆藏地/架位号 | 状态 | 备注 |
| 1 | 0962072 | 209620720 | 第二样本阅览室/ [索取号:TS207.2/239] | 在馆 | |
| 2 | 0962073 | 209620739 | 第三借阅区/ [索取号:TS207.2/239] | 在馆 | |
| 3 | 0962074 | 209620748 | 第三借阅区/ [索取号:TS207.2/239] | 在馆 |